00675nam a2200169 a 450000100100000000500170001000800410002704000250006810000410009324500650013426000900019930000190028950000660030804900090037495201050038399900170048800002900920200930055256.0110413s200? dr 000 0 spa d aDO-SdBNPbspacBNPHU1 aRobinson Calvet, Nancyd1934-95593213aEl primer guerrillero de América /cNancy Robinson Calvet. a[Santo Domingo] :bPPR GlobalfCampaña Dominicana de Solidaridad con Cubac[200-?]. a42 p. ;c15 p. aIncluye datos biográficos de la autora en la contracubierta aBNPD 0010718PDaPDbPDcCTd2011-04-13iLF1l0o p29009-10r2020-06-25w2020-06-25yLFPDZNo se presta c28501d28501